| 000 | 00854nam a2200205 a 4500 | ||
|---|---|---|---|
| 999 |
_c7821 _d7821 |
||
| 001 | 5942 | ||
| 003 | CDMR | ||
| 005 | 20231123165143.0 | ||
| 008 | 130220s2009||||||||||||||||||||||||||||d | ||
| 040 |
_aCDMR _bcat _cCDMR |
||
| 100 |
_94912 _aFanals Gubau, Laura |
||
| 245 | 1 | 3 |
_aPrecarietat laboral i ètica periodística _b : una anàlisi de la relació entre condicions de treball i deontologia professional a Catalunya [recurs electrònic] / _cLaura Fanals Gubau ; directora: Ruth Rodríguez Martínez |
| 260 | _c2021 | ||
| 300 | _a1 recurs electrònic (970 p.) | ||
| 505 | _aTesi doctoral llegida a la Universitat Pompeu Fabra el 2021 | ||
| 650 | 0 |
_9983 _aÈtica periodística _zCatalunya |
|
| 650 | 0 |
_93782 _aPeriodistes _xPràctica professional _zCatalunya |
|
| 856 | 4 | 0 |
_uhttp://hdl.handle.net/10803/670815 _yDisponible en línia (TDX) |
| 942 |
_cTSN _2udc |
||